| 000 | 01166nam0a22003011 4500 | ||
|---|---|---|---|
| 001 | v19\rc\1751821 | ||
| 005 | 20260406180457.0 | ||
| 035 | _a(NLR Aleph) 004855682 | ||
| 090 |
_a4962886 _c4962886 |
||
| 100 | _a20061204d1902 |||y0rusy50 ca | ||
| 101 | 0 | _arus | |
| 102 | _aRU | ||
| 105 | _ab i ||||| | ||
| 200 | 1 |
_aСтатистический атлас путей сообщения России к началу XX века _fОтд. статистики и картографии М-ва пут. сообщ. |
|
| 210 |
_aСанкт-Петербург _cтип. М-ва пут. сообщ. _d1902 |
||
| 215 |
_a[2], VII, [5], 16, 3 с., 10 л. карт. _d34 |
||
| 712 | 0 | 1 |
_aРоссия _bМинистерство путей сообщения _bОтдел статистики и картографии _3RU\NLR\AUTH\889945042 _9385368 |
| 801 | 0 |
_aRU _bNLR _gpsbo |
|
| 801 | 0 |
_aRU _bRuMoRGB _2psbo |
|
| 801 | 1 |
_aRU _bProSoft-M _2rusmarc |
|
| 852 |
_aNLR _j34.3.6.141 |
||
| 899 |
_aRuMoRGB _jКгрф 17/271 |
||
| 899 |
_aRuMoRGB _jКгрф 17/272 |
||
| 899 |
_aRuMoRGB _jKo 101/V-5 |
||
| 899 | _aНБ СПбГУ | ||
| 899 | _aГПИБ | ||
| 942 | _cBOOK | ||
| 980 | _aNB | ||